LEADER 00989nam0-2200277 --450 001 9910592400303321 005 20220923111626.0 010 $a979-12-80116-07-9 100 $a20220923d2021----kmuy0itay5050 ba 101 0 $aita 102 $aIT 105 $aa a 001yy 200 1 $aPoseidonia-Paestum$eguida storica dei monumenti greci e romani$c<>ritorono del tuffatore$fdi Fabio Astone$eHera-Atena e la Madonna del Granato, il segreto delle rose di Paestum, la medicina a Paestum$fFernando La Greca$gprefazione di Roberto Pellecchia 210 $aOgliastro Cilento (SA)$cLicosia$d2021 215 $a256 p.$cill.$d21 cm 610 0 $aPaestum$aSito archeologico 700 1$aLa Greca,$bFernando$0262094 702 1$aPellecchia,$bRoberto 702 1$aAstone,$bFabio 801 0$aIT$bUNINA$gREICAT$2UNIMARC 901 $aBK 912 $a9910592400303321 952 $aSEZ.NA B 3841$b629/2022$fFARBC 959 $aFARBC 996 $aPoseidonia-Paestum$91780643 997 $aUNINA LEADER 01448nam 2200433 450 001 9910795839603321 005 20231129171657.0 010 $a84-1324-493-5 035 $a(MiAaPQ)EBC29347441 035 $a(Au-PeEL)EBL29347441 035 $a(CKB)24237940400041 035 $a(EXLCZ)9924237940400041 100 $a20230119d2019 uy 0 101 0 $aspa 135 $aurcnu|||||||| 181 $ctxt$2rdacontent 182 $cc$2rdamedia 183 $acr$2rdacarrier 200 10$aInnovacio?n Educativa en la Sociedad Digital /$fToma?s Sola Marti?nez, Marina Garci?a Carmona, and Arturo Fuentes Cabrera 205 $a1st ed. 210 1$aMadrid :$cDykinson, S.L.,$d[2019] 210 4$d©2019 215 $a1 online resource (3017 pages) 311 08$aPrint version: Sola Martínez, Tomás Innovación Educativa en la Sociedad Digital Madrid : Dykinson, S.L.,c2019 606 $aComputer-assisted instruction 606 $aComputer-assisted instruction$xDesign 615 0$aComputer-assisted instruction. 615 0$aComputer-assisted instruction$xDesign. 676 $a371.334 700 $aSola Marti?nez$b Toma?s$01270810 702 $aGarci?a Carmona$b Marina 702 $aFuentes Cabrera$b Arturo 801 0$bMiAaPQ 801 1$bMiAaPQ 801 2$bMiAaPQ 906 $aBOOK 912 $a9910795839603321 996 $aInnovacio?n Educativa en la Sociedad Digital$93762238 997 $aUNINA